000 01294nam a2200265Ia 4500
999 _c54766
_d54766
001 21833
003 GE_BSU
005 20220527174041.0
008 181216s ||||ge |||||||||||||| ||geo||
020 _a978999495988
040 _cGE_BSU
041 _ageo
080 _a811.353.1-8(072) ჯ-27
100 _aჯაფარიძე, ნინო
_913869
245 _aმასწავლებლის წიგნი :
_bთ. ღონღაძის და თ. ცხადაიას მე-3 კლასის ქართული ენის სწავლებისათვის /
_cნინო ჯაფარიძე, ნონა ლეშკაშელი, ეთერ ინწკირველი.
264 _aთბილისი :
_bაისი,
_c2008.
300 _a171 გვ. ;
_c20 სმ.
541 _h5 ლ.
653 _aმასწავლებლის წიგნი
653 _aქართული ენა
653 _aქართული ენა - მეთოდური სახელმძღვანელოები
700 _aლეშკაშელი, ნონა
_eავტორი
_913870
700 _aინწკირველი, ეთერ
_eავტორი
_913871
942 _cBK
_2udc